[Event "DEM U12"]
[Site "Willingen"]
[Date "2006.06.06"]
[Round "6.31"]
[White "Lebek, Ricarda"]
[Black "Gruber, Roland"]
[Result "0-1"]
[WhiteElo "1577"]
[BlackElo "1368"]
[PlyCount "80"]
[EventDate "2006.??.??"]
[EventType "swiss"]
[EventRounds "11"]
[EventCountry "GER"]

1. e4 c5 2. Nf3 d6 3. d4 cxd4 4. Nxd4 Nf6 5. Nc3 g6 6. f3 Bg7 7. Be3 O-O 8. Qd2
Nc6 9. O-O-O Nxd4 10. Bxd4 Be6 11. g4 Qa5 12. Kb1 Rfc8 13. a3 a6 14. h4 b5 15.
Ne2 Qc7 16. Nf4 Bc4 17. Bc3 Rab8 18. Bh3 Nd7 19. Rhg1 Ne5 20. Qe3 a5 21. g5 Re8
22. Nd5 Bxd5 23. exd5 Nc4 24. Qd3 Nxa3+ 25. Ka2 Nxc2 26. Rc1 b4 27. Bxg7 b3+
28. Kb1 Kxg7 29. f4 Qa7 30. f5 a4 31. f6+ Kg8 32. Qc3 a3 33. bxa3 Qxa3 34. Qb2
Qb4 35. Bg4 Ra8 36. Rxc2 bxc2+ 37. Kxc2 Qc4+ 38. Kd1 Reb8 39. Qc2 Ra1+ 40. Kd2
Qxc2+ 0-1

[Event "DEM U12"]
[Site "Willingen"]
[Date "2006.06.06"]
[Round "6.32"]
[White "Schmitz, Stefan"]
[Black "Düssler, Stefanie"]
[Result "1-0"]
[WhiteElo "1526"]
[BlackElo "1289"]
[PlyCount "61"]
[EventDate "2006.??.??"]
[EventType "swiss"]
[EventRounds "11"]
[EventCountry "GER"]

1. e4 d5 2. exd5 Qxd5 3. Nc3 Qa5 4. d4 Nf6 5. Bd2 c6 6. h3 Bf5 7. Nf3 e6 8. Bc4
Qc7 9. Bb3 Nbd7 10. Qe2 O-O-O 11. O-O-O Bd6 12. Nh4 Bg6 13. Nxg6 hxg6 14. Rhe1
Nb6 15. Kb1 Bf4 16. Bxf4 Qxf4 17. Qe3 Qxe3 18. Rxe3 Nbd5 19. Nxd5 Nxd5 20. Red3
Rh4 21. Rf3 f6 22. c3 g5 23. Re1 Kd7 24. c4 Nc7 25. Rd3 Kc8 26. Red1 Re4 27.
R3d2 Rd7 28. Bc2 Rh4 29. Bb3 Re4 30. g3 Rd8 31. Bc2 1-0

[Event "DEM U12"]
[Site "Willingen"]
[Date "2006.06.06"]
[Round "6.34"]
[White "Grzeca, Pascal"]
[Black "Schreiner, Till"]
[Result "1-0"]
[WhiteElo "1359"]
[BlackElo "1499"]
[PlyCount "107"]
[EventDate "2006.??.??"]
[EventType "swiss"]
[EventRounds "11"]
[EventCountry "GER"]

1. e4 c5 2. Nf3 d6 3. d4 cxd4 4. Nxd4 Nf6 5. Nc3 a6 6. Be3 e5 7. Nb3 Be6 8. Bd3
Be7 9. O-O O-O 10. f4 Qc7 11. f5 Bc4 12. Rf3 Nbd7 13. Rg3 Kh8 14. Bxc4 Qxc4 15.
Nd2 Qc6 16. Rh3 d5 17. exd5 Nxd5 18. Nxd5 Qxd5 19. Nf3 Qxd1+ 20. Rxd1 Rfd8 21.
Ng5 Bxg5 22. Bxg5 f6 23. Rhd3 fxg5 24. Rxd7 Rxd7 25. Rxd7 Kg8 26. Kf2 Rf8 27.
Rxb7 Rxf5+ 28. Ke3 Kf8 29. Ra7 Rf6 30. Ra8+ Ke7 31. Ra7+ Kf8 32. Rc7 h6 33. Rc5
Rf5 34. Ra5 Rf1 35. Rxa6 Rh1 36. h3 Rg1 37. Kf2 Rc1 38. Rc6 Ke7 39. a4 Kd7 40.
Rc5 Kd6 41. b4 Rb1 42. c3 Ra1 43. a5 g6 44. c4 Rb1 45. Rd5+ Ke6 46. b5 Rb4 47.
Rc5 Kd6 48. Rc6+ Kd7 49. a6 Ra4 50. c5 e4 51. Rb6 Kc7 52. Rb7+ Kc8 53. c6 h5
54. a7 1-0

[Event "DEM U12"]
[Site "Willingen"]
[Date "2006.06.06"]
[Round "6.36"]
[White "Pohl, Theresa"]
[Black "Fittkau, Nico"]
[Result "0-1"]
[WhiteElo "1225"]
[BlackElo "1436"]
[PlyCount "62"]
[EventDate "2006.??.??"]
[EventType "swiss"]
[EventRounds "11"]
[EventCountry "GER"]

1. d4 Nf6 2. Nf3 e6 3. e3 c5 4. c3 d5 5. Bd3 Qb6 6. Nbd2 Nc6 7. O-O Be7 8. Re1
cxd4 9. cxd4 O-O 10. b3 Bd7 11. Bb2 Nb4 12. Ne5 Nxd3 13. Nxd3 Rac8 14. e4 Bb5
15. Ne5 Bb4 16. exd5 exd5 17. a3 Bc3 18. Bxc3 Rxc3 19. Ndf3 Rfc8 20. Ng5 Rc2
21. Ngxf7 Ne4 22. Qg4 Rf8 23. Rxe4 dxe4 24. Qxe4 Rc7 25. Qd5 Rcxf7 26. Nxf7
Rxf7 27. Rc1 Bc6 28. Qe6 Qxd4 29. Qc8+ Rf8 30. Qe6+ Kh8 31. Qe7 Qxf2+ 0-1

[Event "DEM U12"]
[Site "Willingen"]
[Date "2006.06.06"]
[Round "6.37"]
[White "von Schwerin, Clemens"]
[Black "Kneip, Jakob"]
[Result "0-1"]
[WhiteElo "1423"]
[BlackElo "1204"]
[PlyCount "110"]
[EventDate "2006.??.??"]
[EventType "swiss"]
[EventRounds "11"]
[EventCountry "GER"]

1. c4 Nf6 2. Nc3 g6 3. d4 Bg7 4. e4 d6 5. Nf3 O-O 6. Be2 e5 7. O-O Nc6 8. d5
Ne7 9. h3 Nh5 10. Be3 f5 11. Nd2 f4 12. Bxh5 fxe3 13. fxe3 Rxf1+ 14. Nxf1 gxh5
15. Qxh5 Ng6 16. Nd2 Qh4 17. Qf3 Bd7 18. Rf1 Rf8 19. Qd1 Rxf1+ 20. Kxf1 Qf6+
21. Nf3 Nh4 22. Kf2 Nxf3 23. Qxf3 Qxf3+ 24. Kxf3 a6 25. b4 Kf7 26. c5 dxc5 27.
bxc5 Bf8 28. c6 bxc6 29. dxc6 Bxc6 30. Nd5 Bd6 31. Kg4 Kg6 32. Kf3 Bb5 33. g4
h5 34. gxh5+ Kxh5 35. Kg3 Bd3 36. Nc3 c6 37. Kg2 Bb4 38. Na4 Bxe4+ 39. Kg3 Be1+
40. Kh2 Bd5 41. Nc5 a5 42. a4 Bc3 43. Kg3 Be1+ 44. Kh2 Bf2 45. e4 Bxc5 46. Kh1
Bxe4+ 47. Kh2 Bc2 48. h4 Bxa4 49. Kh3 e4 50. Kg2 e3 51. Kf3 Bd1+ 52. Kg2 e2 53.
Kh2 e1=Q 54. Kg2 Qf2+ 55. Kh1 Bf3# 0-1

[Event "DEM U12"]
[Site "Willingen"]
[Date "2006.06.06"]
[Round "6.38"]
[White "Dittmann, Jan"]
[Black "Schätz, Annika"]
[Result "0-1"]
[WhiteElo "1201"]
[BlackElo "1406"]
[PlyCount "122"]
[EventDate "2006.??.??"]
[EventType "swiss"]
[EventRounds "11"]
[EventCountry "GER"]

1. c4 c5 2. Nc3 b6 3. g3 Bb7 4. Nf3 Nf6 5. Bg2 e6 6. O-O Be7 7. d3 O-O 8. Bf4
Nc6 9. Ne1 d5 10. Nc2 Rc8 11. Bg5 dxc4 12. dxc4 Qc7 13. e3 Rfd8 14. Qe2 h6 15.
Bxf6 Bxf6 16. Na3 Bxc3 17. Nb5 Qe7 18. Nxc3 Ne5 19. Bxb7 Qxb7 20. f4 Ng6 21.
Rad1 Ne7 22. Qg2 Qb8 23. b3 Nf5 24. Qf3 Rd6 25. Ne4 Rxd1 26. Rxd1 Qa8 27. Kg2
Rd8 28. Rd7 Nxe3+ 29. Kg1 Nf5 30. Kf2 Qb8 31. Qd3 Nd4 32. Rxd8+ Qxd8 33. Nd2
Nc6 34. Qxd8+ Nxd8 35. Ne4 Nc6 36. g4 f6 37. h4 e5 38. f5 Kf7 39. Ke3 g6 40.
Nd6+ Kg7 41. Ne8+ Kf7 42. Nd6+ Ke7 43. Nb5 gxf5 44. gxf5 Nd4 45. Nxa7 Nxf5+ 46.
Ke4 Nxh4 47. Nc8+ Ke6 48. Nxb6 f5+ 49. Ke3 f4+ 50. Kf2 Nf5 51. a4 e4 52. a5 e3+
53. Ke1 f3 54. a6 f2+ 55. Ke2 Ng3+ 56. Kxe3 f1=Q 57. a7 Ke5 58. Nd7+ Kf5 59.
Nxc5 Qe2+ 60. Kd4 Qd2+ 61. Nd3 Qa5 0-1

[Event "DEM U12"]
[Site "Willingen"]
[Date "2006.06.06"]
[Round "6.39"]
[White "Luther, Alexander"]
[Black "Quaschner, Manuel"]
[Result "0-1"]
[WhiteElo "1248"]
[BlackElo "1394"]
[PlyCount "88"]
[EventDate "2006.??.??"]
[EventType "swiss"]
[EventRounds "11"]
[EventCountry "GER"]

1. e4 c5 2. c3 d5 3. exd5 Qxd5 4. d4 Nf6 5. Nf3 Bg4 6. Be2 e6 7. h3 Bh5 8. O-O
Nc6 9. Be3 Be7 10. dxc5 Qxd1 11. Rxd1 O-O 12. Nbd2 Nd5 13. Bd4 e5 14. c4 Nxd4
15. cxd5 Nxe2+ 16. Kf1 Nd4 17. d6 Bf6 18. g4 Bg6 19. Nxd4 exd4 20. b4 a5 21. b5
Bd3+ 22. Kg2 Bxb5 23. Rab1 Bc6+ 24. f3 Rfe8 25. Kg3 Re2 26. a3 Be5+ 27. Kh4 Rg2
28. Ne4 g6 29. Rg1 Rxg1 30. Rxg1 Rc8 31. Rd1 Kf8 32. f4 Bg7 33. Nd2 Ba4 34. Rc1
d3 35. Rc4 Bb5 36. Re4 Rxc5 37. Re7 Bf6+ 38. g5 Bxe7 39. dxe7+ Kxe7 40. Kg3 Rc2
41. Ne4 d2 42. Nf2 Be2 43. h4 d1=Q 44. Nxd1 Bxd1 0-1

[Event "DEM U12"]
[Site "Willingen"]
[Date "2006.06.06"]
[Round "6.40"]
[White "Orhan, Eda"]
[Black "Kormann, Jewgenija"]
[Result "1-0"]
[WhiteElo "1391"]
[BlackElo "1236"]
[PlyCount "82"]
[EventDate "2006.??.??"]
[EventType "swiss"]
[EventRounds "11"]
[EventCountry "GER"]

1. e4 c6 2. d4 d5 3. exd5 cxd5 4. Nf3 Bg4 5. h3 Bh5 6. Bf4 a6 7. Bd3 Nc6 8. c3
e6 9. Nbd2 Bxf3 10. Nxf3 Bd6 11. Qd2 Qc7 12. Bxd6 Qxd6 13. O-O h6 14. Rfe1 Nf6
15. Ne5 O-O 16. Qe3 Qc7 17. Qg3 Nxe5 18. dxe5 Nd7 19. Kh1 Kh8 20. f4 Nc5 21.
Bc2 Rad8 22. Rad1 Rde8 23. Re3 Rg8 24. Rf1 Ref8 25. Qh4 f6 26. Qh5 Qf7 27. Bg6
Qc7 28. Rff3 Qe7 29. b4 Nd7 30. Rg3 fxe5 31. fxe5 Rf1+ 32. Kh2 Rf4 33. Rg4 Qf8
34. Rgg3 Rf2 35. Ref3 Rxf3 36. Rxf3 Qb8 37. Re3 Qc7 38. Bf7 Nxe5 39. Rxe5 Rf8
40. Bxe6 Rf2 41. Qe8+ Kh7 1-0

[Event "DEM U12"]
[Site "Willingen"]
[Date "2006.06.06"]
[Round "6.41"]
[White "Veit, Björn"]
[Black "Rogasch, Miriam"]
[Result "1-0"]
[WhiteElo "1500"]
[BlackElo "1085"]
[PlyCount "79"]
[EventDate "2006.??.??"]
[EventType "swiss"]
[EventRounds "11"]
[EventCountry "GER"]

1. e4 e5 2. Nf3 Nc6 3. Bc4 Nf6 4. Ng5 d5 5. exd5 Nd4 6. c3 b5 7. Bf1 Nxd5 8.
Ne4 Nc6 9. Bxb5 Bb7 10. O-O Nf6 11. Ng3 Bc5 12. d3 O-O 13. Be3 Bb6 14. Na3 Ng4
15. Qxg4 Ne7 16. Bg5 Qd5 17. Qf3 Qxf3 18. gxf3 Ng6 19. Ne4 f5 20. Nd2 f4 21. h4
h6 22. h5 Rf5 23. hxg6 Rxg5+ 24. Kh2 Rf8 25. Rg1 Rff5 26. Rxg5 Rxg5 27. Rg1
Bxf2 28. Rxg5 hxg5 29. Kg2 Be3 30. Nac4 g4 31. Ne4 Bc1 32. b4 Bxe4 33. dxe4
gxf3+ 34. Kxf3 Kf8 35. Nxe5 Bb2 36. Kxf4 Bxc3 37. Nc6 Bd2+ 38. Ke5 Be3 39. Ke6
Bb6 40. Kd7 1-0

[Event "DEM U12"]
[Site "Willingen"]
[Date "2006.06.06"]
[Round "6.42"]
[White "Warmer, Marina"]
[Black "Lang, Sascha"]
[Result "0-1"]
[WhiteElo "1036"]
[BlackElo "1400"]
[PlyCount "118"]
[EventDate "2006.??.??"]
[EventType "swiss"]
[EventRounds "11"]
[EventCountry "GER"]

1. e4 c5 2. Nc3 Nc6 3. Bc4 a6 4. a4 e6 5. f4 Nge7 6. Nf3 g6 7. e5 Nf5 8. O-O
Bg7 9. d3 b6 10. Re1 Bb7 11. Bd2 O-O 12. Qe2 Ncd4 13. Nxd4 Nxd4 14. Qd1 f6 15.
exf6 Rxf6 16. Be3 Nf5 17. Qd2 d5 18. Ba2 Nxe3 19. Qxe3 d4 20. Bxe6+ Kh8 21. Qe2
dxc3 22. bxc3 Qe7 23. g3 Re8 24. Bg4 Qxe2 25. Rxe2 Rxe2 26. Bxe2 Re6 27. Bg4
Rd6 28. Ra3 h5 29. Bh3 b5 30. axb5 axb5 31. Kf2 Kg8 32. Ke3 Kf8 33. Rb3 Rb6 34.
c4 Bd4+ 35. Kd2 b4 36. Bd7 Bf3 37. h3 Rb7 38. Be6 Re7 39. Bd5 Bc3+ 40. Rxc3
bxc3+ 41. Kxc3 Bxd5 42. cxd5 Rc7 43. Kc4 Ke7 44. c3 Kd6 45. d4 cxd4+ 46. Kxd4
Ra7 47. c4 Ra3 48. g4 Rxh3 49. c5+ Kd7 50. f5 hxg4 51. fxg6 g3 52. g7 Rh4+ 53.
Ke5 Rg4 54. c6+ Kd8 55. d6 Rxg7 56. Ke6 g2 57. c7+ Rxc7 58. dxc7+ Kxc7 59. Kd5
g1=Q 0-1

[Event "DEM U12"]
[Site "Willingen"]
[Date "2006.06.06"]
[Round "6.43"]
[White "Schubert, Torsten"]
[Black "Hümmecke, Miriam"]
[Result "1-0"]
[WhiteElo "1347"]
[BlackElo "1295"]
[PlyCount "57"]
[EventDate "2006.??.??"]
[EventType "swiss"]
[EventRounds "11"]
[EventCountry "GER"]

1. e4 e5 2. Nf3 Nc6 3. d4 exd4 4. Nxd4 Qf6 5. Be3 Bc5 6. c3 Nge7 7. Be2 O-O 8.
Qd2 Re8 9. Nb5 Bxe3 10. Qxe3 Rd8 11. Nxc7 Rb8 12. Nb5 a6 13. Nd4 Ne5 14. f4
N5g6 15. g3 Qb6 16. b3 Nc6 17. O-O Re8 18. Nd2 d5 19. f5 Nf8 20. Qd3 Re5 21. f6
g6 22. Qe3 g5 23. Bd3 g4 24. Qh6 Ne6 25. exd5 Ncxd4 26. Bxh7+ Kh8 27. Bg6+ Kg8
28. Qh7+ Kf8 29. Qxf7# 1-0

[Event "DEM U12"]
[Site "Willingen"]
[Date "2006.06.06"]
[Round "6.44"]
[White "Seel, Eric"]
[Black "Bohrmann, Sandra"]
[Result "0-1"]
[WhiteElo "897"]
[BlackElo "1110"]
[PlyCount "34"]
[EventDate "2006.??.??"]
[EventType "swiss"]
[EventRounds "11"]
[EventCountry "GER"]

1. e4 e5 2. Bc4 Bc5 3. Nc3 Nf6 4. d3 d6 5. Bg5 Be6 6. Bxe6 fxe6 7. Nf3 Nc6 8.
O-O O-O 9. Qd2 d5 10. Rfe1 Qd7 11. Bxf6 Rxf6 12. Rad1 Raf8 13. Rf1 Nd4 14. Nxe5
Qd6 15. Ng4 Rg6 16. Ne3 Nf3+ 17. Kh1 Qxh2# 0-1

[Event "DEM U12"]
[Site "Willingen"]
[Date "2006.06.06"]
[Round "6.45"]
[White "Veelders, Wiebke"]
[Black "Rozenfeld, Elisabeth"]
[Result "0-1"]
[WhiteElo "997"]
[BlackElo "1271"]
[PlyCount "136"]
[EventDate "2006.??.??"]
[EventType "swiss"]
[EventRounds "11"]
[EventCountry "GER"]

1. c4 e5 2. g3 Nf6 3. Nc3 Bc5 4. Bg2 O-O 5. Nf3 Nc6 6. O-O d5 7. d3 Bf5 8. a3
Qd7 9. b4 Be7 10. b5 Nd4 11. Nxe5 Qd6 12. Bf4 g5 13. Nxf7 Qd7 14. Nxg5 h6 15.
Nf3 Nxf3+ 16. Bxf3 d4 17. Nd5 Nxd5 18. Bxd5+ Kh7 19. Bxb7 Rab8 20. Bc6 Qe6 21.
Bd5 Qd7 22. Qd2 Rf6 23. Be5 Rg6 24. Bxd4 Bh3 25. Rfe1 Bg4 26. Be3 Bf6 27. Be4
Bf5 28. Bxf5 Qxf5 29. f3 Bxa1 30. Rxa1 a6 31. Qa5 Qe5 32. Bf4 Qxa1+ 33. Kg2 Qg7
34. Bxc7 Rb7 35. Bf4 axb5 36. cxb5 Qf7 37. Qb4 Qf5 38. a4 Qe6 39. a5 Qxe2+ 40.
Kh3 Qxd3 41. a6 Rxb5 42. Qe7+ Rg7 43. Qf6 Qf5+ 44. Qxf5+ Rxf5 45. Be3 Rxf3 46.
a7 Rg8 47. Bb6 Ra3 48. Bc5 Ra4 49. Kg2 Re8 50. Kh3 Re5 51. Bf2 Rh5+ 52. Kg2 Kg6
53. Kf3 Rxh2 54. Ke2 Ra2+ 55. Ke3 Rhxf2 56. g4 Rfb2 57. Kd3 Rxa7 58. Kc3 Rf2
59. Kd4 Re7 60. Kd3 Re8 61. g5 Kxg5 62. Kd4 Rd2+ 63. Kc3 Rd7 64. Kc4 Rc8+ 65.
Kb5 Rb7+ 66. Ka6 Rb1 67. Ka7 Rc2 68. Ka6 Ra2# 0-1

[Event "DEM U12"]
[Site "Willingen"]
[Date "2006.06.06"]
[Round "6.46"]
[White "Holzmann, Arthur"]
[Black "Günther, Elisabeth"]
[Result "0-1"]
[WhiteElo "1099"]
[BlackElo "969"]
[PlyCount "46"]
[EventDate "2006.??.??"]
[EventType "swiss"]
[EventRounds "11"]
[EventCountry "GER"]

1. d4 d5 2. Bf4 Nf6 3. e3 c5 4. c3 e6 5. Nf3 Be7 6. Bd3 Nc6 7. O-O O-O 8. Nbd2
Bd7 9. e4 dxe4 10. Nxe4 Nxe4 11. Bxe4 Qb6 12. Rb1 Rad8 13. b4 cxd4 14. cxd4 Bf6
15. d5 exd5 16. Qxd5 Bg4 17. Qb3 Bxf3 18. Qxf3 Ne5 19. Bxe5 Bxe5 20. Qh5 g6 21.
Qxe5 Rfe8 22. Qf4 Rd4 23. f3 Rdxe4+ 0-1

[Event "DEM U12"]
[Site "Willingen"]
[Date "2006.06.06"]
[Round "6.47"]
[White "Marx, Inga"]
[Black "Marquardt, Annabelle"]
[Result "1/2-1/2"]
[WhiteElo "1078"]
[BlackElo "872"]
[PlyCount "61"]
[EventDate "2006.??.??"]
[EventType "swiss"]
[EventRounds "11"]
[EventCountry "GER"]

1. e4 c5 2. Nf3 Nc6 3. Bb5 g6 4. d4 cxd4 5. Nxd4 Bg7 6. Bxc6 bxc6 7. Be3 Ba6 8.
Nc3 Rb8 9. Rb1 Qc7 10. Nce2 Nf6 11. f3 c5 12. Nb3 d6 13. O-O O-O 14. Qd2 Rfe8
15. Bh6 Qb6 16. Kh1 Qb4 17. Rfe1 Qxd2 18. Bxd2 Nd7 19. Bc3 Rf8 20. Bxg7 Kxg7
21. Nf4 e5 22. Nd5 Nb6 23. Red1 Rfd8 24. Nxb6 axb6 25. Rd2 Rd7 26. Rbd1 Rbd8
27. a4 c4 28. Nc1 Bb7 29. Ne2 Ba6 30. Kg1 Kf6 31. Nc3 1/2-1/2

[Event "DEM U12"]
[Site "Willingen"]
[Date "2006.06.06"]
[Round "6.48"]
[White "Vetter, Henrike"]
[Black "Krtschil, Anna"]
[Result "1-0"]
[WhiteElo "836"]
[BlackElo "1077"]
[PlyCount "155"]
[EventDate "2006.??.??"]
[EventType "swiss"]
[EventRounds "11"]
[EventCountry "GER"]

1. e4 c5 2. Nf3 Nc6 3. d4 cxd4 4. Nxd4 g6 5. Be3 Bg7 6. Nc3 Nf6 7. Bc4 Qa5 8.
O-O O-O 9. f4 Qb4 10. Bb3 Nxe4 11. Nxe4 Bxd4 12. Bxd4 Qxd4+ 13. Qxd4 Nxd4 14.
Ba4 b5 15. c3 bxa4 16. cxd4 d6 17. Nc3 Bd7 18. a3 Rfe8 19. Nd5 Rac8 20. Rfe1
Kf8 21. Nc3 e6 22. Rad1 Kg7 23. g4 Rb8 24. Rd2 Rb3 25. Ne4 d5 26. Nc5 Rf3 27.
Nxd7 Rxf4 28. h3 h6 29. Nc5 Kf6 30. Rf2 g5 31. Nxa4 e5 32. Nc5 Re7 33. dxe5+
Kg6 34. e6 Kg7 35. Rxf4 gxf4 36. Kf2 Kg6 37. Kf3 Kg5 38. Re5+ Kg6 39. Rxd5 fxe6
40. Re5 Kf6 41. Kxf4 Kf7 42. h4 a5 43. b4 axb4 44. axb4 Re8 45. b5 Rb8 46. Nxe6
Kf6 47. Nc5 Kf7 48. Nd7 Rb7 49. Nf6 Kxf6 50. g5+ hxg5+ 51. hxg5+ Kg6 52. Re6+
Kf7 53. Rf6+ Kg7 54. b6 Rd7 55. Ke5 Rb7 56. Rc6 Re7+ 57. Kd6 Re1 58. Kc7 Re7+
59. Kd8 Kf8 60. Rf6+ Rf7 61. Rxf7+ Kxf7 62. b7 Kg6 63. b8=Q Kxg5 64. Qd6 Kf5
65. Qe7 Kf4 66. Qe6 Kf3 67. Qe5 Kg4 68. Qf6 Kg3 69. Qf5 Kh4 70. Qg6 Kh3 71. Qg5
Kh2 72. Qg4 Kh1 73. Ke7 Kh2 74. Kf6 Kh1 75. Kf5 Kh2 76. Kf4 Kh1 77. Kf3 Kh2 78.
Qg2# 1-0

[Event "DEM U12"]
[Site "Willingen"]
[Date "2006.06.06"]
[Round "6.49"]
[White "Martens, Julian"]
[Black "Hüglin, Larissa"]
[Result "1-0"]
[WhiteElo "1067"]
[BlackElo "793"]
[PlyCount "81"]
[EventDate "2006.??.??"]
[EventType "swiss"]
[EventRounds "11"]
[EventCountry "GER"]

1. e4 e5 2. Nf3 Nc6 3. d4 exd4 4. Nxd4 Nxd4 5. Qxd4 Nf6 6. Bg5 Be7 7. Nc3 c6 8.
Bd3 O-O 9. e5 Ng4 10. Bxe7 Qxe7 11. Qxg4 d6 12. Qe4 g6 13. exd6 Qxe4+ 14. Bxe4
Re8 15. O-O-O Rd8 16. Rd3 Kf8 17. Re1 Be6 18. a3 f5 19. Bxc6 bxc6 20. Rxe6 c5
21. Rd5 Kf7 22. Re7+ Kf6 23. Rxh7 Ke6 24. Re7+ Kf6 25. Rc7 Ke6 26. d7 Ke7 27.
Kd2 a6 28. Kd3 Ke6 29. Kc4 Ke7 30. Kxc5 a5 31. Re5+ Kf7 32. Kd6 Kf6 33. Rec5
Ra6+ 34. R5c6 Rxc6+ 35. Rxc6 g5 36. Rc8 Rxc8 37. dxc8=Q f4 38. Qe6+ Kg7 39. Ke7
Kh7 40. Kf7 Kh8 41. Qh6# 1-0

[Event "DEM U12"]
[Site "Willingen"]
[Date "2006.06.06"]
[Round "6.50"]
[White "Alt, Elisabeth"]
[Black "Brühan, Caren"]
[Result "0-1"]
[WhiteElo "782"]
[BlackElo "1054"]
[PlyCount "60"]
[EventDate "2006.??.??"]
[EventType "swiss"]
[EventRounds "11"]
[EventCountry "GER"]

1. e4 e5 2. Nf3 Nc6 3. Bc4 Bc5 4. O-O Nf6 5. d3 O-O 6. Nc3 d6 7. Bg5 h6 8. Bxf6
Qxf6 9. Nd5 Qd8 10. h3 Be6 11. c3 Bxd5 12. Bxd5 Qd7 13. d4 exd4 14. cxd4 Bb4
15. a3 Ba5 16. Qd3 Rab8 17. Nh4 Kh8 18. Nf5 g6 19. Nxh6 Bb6 20. e5 dxe5 21.
Bxf7 Rxf7 22. Qxg6 Rg7 23. Qh5 Rh7 24. dxe5 Qg7 25. g4 Rxh6 26. Qf5 Rxh3 27.
Rfe1 Nd4 28. Qe4 Nc2 29. Qxc2 Qxg4+ 30. Kf1 Rh1# 0-1

[Event "DEM U12"]
[Site "Willingen"]
[Date "2006.06.07"]
[Round "7.1"]
[White "Hager, Joshua Aarash"]
[Black "Dünzel, Jonas"]
[Result "1/2-1/2"]
[WhiteElo "1872"]
[BlackElo "1881"]
[PlyCount "87"]
[EventDate "2006.??.??"]
[EventType "swiss"]
[EventRounds "11"]
[EventCountry "GER"]

1. d4 Nf6 2. c4 g6 3. Nc3 Bg7 4. e4 d6 5. Nf3 O-O 6. Be2 Nbd7 7. Be3 e5 8. d5
h6 9. Nd2 Nh7 10. b4 f5 11. f3 f4 12. Bf2 Rf7 13. c5 Bf8 14. cxd6 cxd6 15. Rc1
Ndf6 16. a4 g5 17. Qb3 Ne8 18. Kd1 Rc7 19. Kc2 Bd7 20. Kb2 h5 21. g3 Bg7 22. h4
g4 23. Rhg1 Qf6 24. Ndb1 Qg6 25. Qd1 Nhf6 26. Bd3 Bh6 27. Rc2 Ng7 28. Na3 a6
29. Bb6 Rcc8 30. Rf2 Rf8 31. Nc4 Nge8 32. Be2 Rf7 33. Rfg2 Rg7 34. Bf2 gxf3 35.
Bxf3 Bg4 36. gxf4 Bxf4 37. Be3 Rc8 38. Bxg4 Nxg4 39. Bxf4 exf4 40. Nb6 Rcc7 41.
Qf3 Qf6 42. a5 Qd4 43. Kb3 Ne5 44. Qh3 1/2-1/2

[Event "DEM U12"]
[Site "Willingen"]
[Date "2006.06.07"]
[Round "7.2"]
[White "Mirke, Roy"]
[Black "Sarchisov, Slavik"]
[Result "0-1"]
[WhiteElo "1557"]
[BlackElo "1695"]
[PlyCount "72"]
[EventDate "2006.??.??"]
[EventType "swiss"]
[EventRounds "11"]
[EventCountry "GER"]

1. d4 d6 2. Nf3 Nf6 3. c4 g6 4. Nc3 Bg7 5. e4 O-O 6. Be2 e5 7. d5 a5 8. O-O Na6
9. b3 Nh5 10. Ne1 Nf4 11. Bxf4 exf4 12. Rc1 Nc5 13. Nd3 Nxd3 14. Qxd3 Re8 15.
Bf3 Be5 16. Ne2 Qf6 17. Nc3 g5 18. Nb5 Re7 19. Qe2 c6 20. Na3 Bb2 21. Nc2 Bxc1
22. Rxc1 c5 23. Ne1 Bd7 24. a4 Rae8 25. h3 Bf5 26. Qc2 Bxe4 27. Bxe4 Rxe4 28.
Nf3 Re2 29. Qc3 Qxc3 30. Rxc3 h6 31. Rd3 Rb2 32. Nd2 Re2 33. Nf3 Rxf2 34. Ne1
Rfd2 35. Rc3 Rb1 36. Kf1 Rdd1 0-1

[Event "DEM U12"]
[Site "Willingen"]
[Date "2006.06.07"]
[Round "7.3"]
[White "Kaphle, Sebastian"]
[Black "Bräuer, Franz"]
[Result "1-0"]
[WhiteElo "2064"]
[BlackElo "1878"]
[PlyCount "49"]
[EventDate "2006.??.??"]
[EventType "swiss"]
[EventRounds "11"]
[EventCountry "GER"]

1. e4 e5 2. Nf3 Nc6 3. Bc4 Bc5 4. b4 Bxb4 5. c3 Bd6 6. d4 Nf6 7. O-O O-O 8. Re1
Qe7 9. Bg5 h6 10. Bh4 b6 11. Nbd2 Bb7 12. Nf1 Na5 13. Bd3 c5 14. Ne3 Rfe8 15.
Ng4 Qf8 16. dxe5 Bxe5 17. Nfxe5 Rxe5 18. Nxh6+ Kh7 19. Bxf6 gxf6 20. Nf5 Rxf5
21. exf5 Qg7 22. Be4 Bxe4 23. Rxe4 Qh6 24. Qxd7 Kg7 25. Rg4+ 1-0

[Event "DEM U12"]
[Site "Willingen"]
[Date "2006.06.07"]
[Round "7.4"]
[White "Wang, Zhangxian"]
[Black "Wittke, Rene"]
[Result "1-0"]
[WhiteElo "1998"]
[BlackElo "1687"]
[PlyCount "53"]
[EventDate "2006.??.??"]
[EventType "swiss"]
[EventRounds "11"]
[EventCountry "GER"]

1. e4 e5 2. Bc4 Nf6 3. d3 d5 4. exd5 Nxd5 5. Nf3 Nc6 6. O-O Bc5 7. Re1 O-O 8.
Bg5 f6 9. Bh4 Bg4 10. Nc3 Nce7 11. h3 Bxf3 12. Qxf3 c6 13. a4 Kh8 14. Ne4 Bd6
15. Bg3 Bc7 16. Nc5 Qd6 17. d4 Nb6 18. Bb3 Qxd4 19. Ne6 Qd7 20. Nxf8 Rxf8 21.
Rad1 Qc8 22. c3 Nbd5 23. Bc2 Qe8 24. Rd2 Nc8 25. c4 Ba5 26. cxd5 Bxd2 27. Qd3
1-0

[Event "DEM U12"]
[Site "Willingen"]
[Date "2006.06.07"]
[Round "7.5"]
[White "Titgemeyer, Sven"]
[Black "Zimmermann, Gordon"]
[Result "0-1"]
[WhiteElo "1557"]
[BlackElo "1920"]
[PlyCount "36"]
[EventDate "2006.??.??"]
[EventType "swiss"]
[EventRounds "11"]
[EventCountry "GER"]

1. e4 c5 2. Nf3 d6 3. d4 cxd4 4. Nxd4 Nf6 5. Nc3 a6 6. Bg5 e6 7. f4 h6 8. Bh4
Be7 9. Qf3 Qc7 10. O-O-O Nbd7 11. Be2 Rg8 12. f5 Ne5 13. Qf2 g5 14. fxg6 Rxg6
15. Rhf1 b5 16. Bd3 Nfg4 17. Qf4 Bxh4 18. h3 Bg5 0-1

[Event "DEM U12"]
[Site "Willingen"]
[Date "2006.06.07"]
[Round "7.6"]
[White "Neumair, Jerome"]
[Black "Zier, Oliver"]
[Result "1-0"]
[WhiteElo "1596"]
[BlackElo "1823"]
[PlyCount "71"]
[EventDate "2006.??.??"]
[EventType "swiss"]
[EventRounds "11"]
[EventCountry "GER"]

1. c4 e6 2. Nc3 d5 3. cxd5 exd5 4. d4 Be7 5. Nf3 Nf6 6. e3 O-O 7. Be2 Bf5 8.
O-O Nbd7 9. b3 Rc8 10. Bb2 c6 11. Rc1 Ne4 12. Nxe4 dxe4 13. Nd2 Nf6 14. Nc4 Nd5
15. a3 Be6 16. Qd2 f5 17. Qc2 Rf6 18. Ne5 Rh6 19. Bc4 Bd6 20. Rfd1 Qh4 21. h3
Qg5 22. Kh2 Rf8 23. Qd2 f4 24. exf4 Rxf4 25. Bxd5 Bxd5 26. Qe3 Qf5 27. Kg1 Bxe5
28. dxe5 Rf3 29. Qxa7 Rfxh3 30. Qb8+ Kf7 31. e6+ Kg6 32. gxh3 Qxh3 33. Qg3+
Qxg3+ 34. fxg3 e3 35. Rxd5 cxd5 36. Re1 1-0

[Event "DEM U12"]
[Site "Willingen"]
[Date "2006.06.07"]
[Round "7.7"]
[White "Kropman, Alexei"]
[Black "Braun, Georg"]
[Result "0-1"]
[WhiteElo "1669"]
[BlackElo "1774"]
[PlyCount "146"]
[EventDate "2006.??.??"]
[EventType "swiss"]
[EventRounds "11"]
[EventCountry "GER"]

1. c4 c5 2. Nc3 Nf6 3. e4 Nc6 4. g3 g6 5. Bg2 Bg7 6. d3 O-O 7. Nge2 d6 8. h3
Bd7 9. O-O Qc8 10. Kh2 a6 11. Rb1 Rb8 12. f4 b5 13. b3 bxc4 14. dxc4 Qc7 15.
Be3 Rfd8 16. Qd2 e6 17. Rbd1 Bc8 18. Kh1 Bb7 19. f5 Ne7 20. g4 d5 21. cxd5 exd5
22. Bf4 Qb6 23. Bxb8 Rxb8 24. e5 d4 25. Na4 Bxg2+ 26. Kxg2 Qb7+ 27. Kg1 Nfd5
28. f6 Ne3 29. Rf2 Bh6 30. Nxc5 Qa7 31. Qxd4 Nxd1 32. fxe7 Qxe7 33. Qxd1 Qxc5
34. Kf1 Qxe5 35. Qd7 f6 36. Qc6 Qa1+ 37. Kg2 Qxa2 38. Qe6+ Kh8 39. Qxf6+ Bg7
40. Qd6 Qxb3 41. Rf3 Qb6 42. Qe7 Qb7 43. Qa3 Rf8 44. Kf2 Rxf3+ 45. Qxf3 Qxf3+
46. Kxf3 Kg8 47. Nc1 Kf7 48. Na2 a5 49. Ke3 Ke6 50. Ke4 Bb2 51. Kf4 Kf6 52. h4
h6 53. g5+ hxg5+ 54. hxg5+ Ke6 55. Ke4 Kd6 56. Kd3 a4 57. Kc2 a3 58. Nb4 Ke5
59. Nd3+ Kf5 60. Kb1 Kxg5 61. Nf2 Kf4 62. Nh3+ Kf5 63. Ka2 Kg4 64. Nf2+ Kf3 65.
Nh3 Kg3 66. Ng5 Kg4 67. Nf7 g5 68. Nxg5 Kxg5 69. Kb1 Kf4 70. Kc2 Ke3 71. Kb1
Kd3 72. Ka2 Kc4 73. Kb1 Bh8 0-1